Prisoners' quest, a presentation of the Christian faith in a prisoners of war camp /

Bibliographic Details
Main Author: Read, D. H. C.
Format: Book
Language:English
Published: New York : The Macmillan company, 1945.
Subjects:

MARC

Tag First Indicator Second Indicator Subfields
LEADER 00000cam a2200000 4500
001 in00000038361
005 20151007081008.0
008 761119r1945 xx 00000 eng
010 |a  45000980  
035 |a (OCoLC)02570471 
035 |9 AAF5713AM 
040 |a DLC  |c OHI  |d TXA  |d UtOrBLW 
049 |a TXAM  |c [129488] 
050 0 0 |a BT1101  |b .R3 1945 
092 |a 239  |b R282p 
100 1 |a Read, D. H. C. 
245 1 0 |a Prisoners' quest, a presentation of the Christian faith in a prisoners of war camp /  |c by D. H. C. Read, C.F. 
264 1 |a New York :  |b The Macmillan company,  |c 1945. 
300 |a 159 pages ;  |c 20 cm. 
336 |a text  |b txt  |2 rdacontent 
337 |a unmediated  |b n  |2 rdamedia 
338 |a volume  |b nc  |2 rdacarrier 
500 |a "First [American] printing." 
650 0 |a Apologetics  |x History  |y 20th century. 
999 |a MARS 
999 f f |s 1eb10731-693d-3e7c-9dab-d23dc7649fbd  |i 8dbe6a9e-280b-3c01-991d-e0613e9f417c  |t 0 
952 f f |p ric  |a Texas A&M University  |b Rellis Campus  |c Joint Library Facility  |d Remote Storage  |t 0  |e BT1101 .R3 1945  |h Library of Congress classification  |i unmediated -- volume  |m A14800609445 
998 f f |a BT1101 .R3 1945  |t 0  |l Remote Storage